000 00272nam a22001097a 4500
003 OSt
005 20250301120700.0
008 250301b |||||||| |||| 00| 0 eng d
040 _c
245 _aScientific Basis of Indian Knowledge system
_cSaroj Sharma
942 _2ddc
_cBK
_n0
999 _c36201
_d36201